Most Runs and Wickets in IPL - Statistics

General Stats
  • This quiz has been taken 16 times
  • The average score is 25 of 40
Answer Stats
Score Overseas Answer % Correct
5162 South Africa AB de Villiers
100%
4965 West Indies Chris Gayle
100%
6565* Australia David Warner
100%
6628* Rohit Sharma
100%
8004* Virat Kohli
100%
132* Mohit Sharma
91%
5243* MS Dhoni
91%
137* Sandeep Sharma
91%
6769* Shikhar Dhawan
82%
5528 Suresh Raina
82%
183 West Indies Dwayne Bravo
73%
3582* England Jos Buttler
73%
170 Sri Lanka Lasith Malinga
73%
149* Afghanistan Rashid Khan
73%
180* West Indies Sunil Narine
73%
121* New Zealand Trent Boult
73%
181* Bhuvneshwar Kumar
64%
4571* South Africa Faf du Plessis
64%
117* South Africa Kagiso Rabada
64%
4683* KL Rahul
64%
3594* Suryakumar Yadav
64%
205* Yuzvendra Chahal
64%
4217 Gautam Gambhir
55%
150 Harbhajan Singh
55%
165* Jasprit Bumrah
55%
192* Piyush Chawla
55%
180* Ravichandran Ashwin
55%
160* Ravindra Jadeja
55%
4419* Sanju Samson
45%
3874 Australia Shane Watson
45%
144* Umesh Yadav
45%
4642* Ajinkya Rahane
36%
174* Amit Mishra
36%
123* Axar Patel
36%
135* Harshal Patel
36%
4952 Robin Uthappa
36%
4842* Dinesh Karthik
27%
4348 Ambati Rayudu
18%
3850* Manish Pandey
18%
127 Mohammed Shami
18%
No matching quizzes found
Score Distribution
Percent of People with Each Score
Percentile by Number Answered
Your Score History
You have not taken this quiz